صحة الغذاء / (رقم التسجيلة. 9187)

تفاصيل مارك
000 -LEADER
fixed length control field 00677nam a22002177a 4500
005 - DATE AND TIME OF LATEST TRANSACTION
control field 20251108164322.0
008 - FIXED-LENGTH DATA ELEMENTS--GENERAL INFORMATION
fixed length control field 250721s1991 xx 000 0 ara d
082 14 - DEWEY DECIMAL CLASSIFICATION NUMBER
Classification number 664.07/عبو
100 1# - MAIN ENTRY--PERSONAL NAME
Personal name عبود، أكرم ريشان
245 10 - TITLE STATEMENT
Title صحة الغذاء /
246 11 - VARYING FORM OF TITLE
Title proper/short title Food hygiene
264 1# - PRODUCTION, PUBLICATION, DISTRIBUTION, MANUFACTURE, AND COPYRIGHT NOTICE
Place of production, publication, distribution, manufacture الموصل :
Name of producer, publisher, distributor, manufacturer وزارة التعليم العالي و البحث العلمي - جامعة الموصل،
Date of production, publication, distribution, manufacture, or copyright notice 1991.
300 ## - PHYSICAL DESCRIPTION
Extent 420ص
650 17 - SUBJECT ADDED ENTRY--TOPICAL TERM
Topical term or geographic name as entry element الأغذية
650 17 - SUBJECT ADDED ENTRY--TOPICAL TERM
Topical term or geographic name as entry element الصحة
650 17 - SUBJECT ADDED ENTRY--TOPICAL TERM
Topical term or geographic name as entry element الرقابة الصحية
700 1# - ADDED ENTRY--PERSONAL NAME
Personal name الصواف، سناء داود
700 1# - ADDED ENTRY--PERSONAL NAME
Personal name حمد، ضاري عليوي
942 ## - ADDED ENTRY ELEMENTS (KOHA)
Source of classification or shelving scheme Dewey Decimal Classification
Koha item type كتب
المقتنيات
حالة السحب حالة الفقدان مصدر التصنيف حالة التلف غير قابل للإعارة المكتبة الرئيسية المكتبة الحالية موقع الرف تاريخ التزويد الرقم المتسلسل Total Checkouts رقم الإستدعاء الباركود تاريخ آخر ظهور تاريخ الفاتورة نوع المادة (كوها)
    Dewey Decimal Classification     مكتبة الأميرة ايمان العامة مكتبة الأميرة ايمان العامة الإعارة 13/11/2013 [7202]   664.07/عبو PLD00285952 28/07/2025 13/11/2013 كتب
Implemented & Customized by: BBB with SCIT (Smart Chains for Information Technology)

Powered by Koha